| 000 | 00597nam a2200193Ia 4500 | ||
|---|---|---|---|
| 008 | 220531s9999 xx 000 0 und d | ||
| 041 | _aeng | ||
| 082 | _bWOR / ARV | ||
| 100 |
_aArvind Memorial Trust _976882 |
||
| 245 | _aWorking ClassMovement in India in the Twenty-first Century: Continuity and Change, Orientation and Possibilities, Problems and Challenges | ||
| 250 | _a1ST | ||
| 260 |
_aLucknow _bArvind Memorial Trust _c2013 |
||
| 300 | _a120 | ||
| 542 | _d20-03-2017 | ||
| 551 | _aSociology | ||
| 650 |
_aSociology _976883 |
||
| 906 |
_d2016-2017 _f10694 |
||
| 999 |
_c42685 _d42685 |
||